| 000 | 00661 a2200229 4500 | ||
|---|---|---|---|
| 001 | 36347 | ||
| 003 | TR-AnTOB | ||
| 005 | 20240611092455.0 | ||
| 008 | 060831n xxx 00010 eng | ||
| 040 |
_aTR-AnTOB _cTR-AnTOB |
||
| 041 | 0 | _aeng | |
| 050 |
_aNK2808 _b.O75 |
||
| 090 | _aNK2808 .O75 | ||
| 245 | 0 | 0 |
_aOriental carpets : _ba brief outline by Sulayman Alamuddin. |
| 264 | 1 |
_a[Place of publication not identified] : _b[publisher not identified], _c[date of publication not identified] |
|
| 300 |
_a55 p. : _bill. ; _c23 cm. |
||
| 650 | 7 |
_aHalılar, Doğu _2etuturkob _926907 |
|
| 650 | 0 |
_aRugs, Oriental _925993 |
|
| 902 | _a0017030 | ||
| 942 |
_cBK _2lcc |
||
| 999 |
_c36347 _d13615 |
||